| 000 | 00000nam 2200000zi 4500 |
| 001 | 9.936396 |
| 003 | CaOODSP |
| 005 | 20241127152621 |
| 006 | m o d f |
| 007 | cr |n||||||||| |
| 008 | 240321e198104##nscb o f|0| 0 eng d |
| 040 | |aCaOODSP|beng|erda|cCaOODSP |
| 043 | |an-cn--- |
| 086 | 1 |aEn4-690/1981E-PDF |
| 245 | 00|aEnvironmental concerns of East Coast offshore oil & gas development. |
| 246 | 13|aEnvironmental concerns of East Coast offshore oil and gas development |
| 264 | 1|aDartmouth, Nova Scotia : |bEnvironment Canada, Atlantic Region = Environnement Canada, Région de l'Atlantique, |cApril, 1981. |
| 300 | |a1 online resource (2 unnumbered pages) : |bmap |
| 336 | |atext|btxt|2rdacontent |
| 337 | |acomputer|bc|2rdamedia |
| 338 | |aonline resource|bcr|2rdacarrier |
| 500 | |aDigitized edition from print [produced by Environment and Climate Change Canada]. |
| 500 | |aAt head of title: Fact Sheet. |
| 650 | 0|aOffshore oil well drilling|xEnvironmental aspects|zAtlantic Coast. |
| 650 | 0|aOffshore gas well drilling|xEnvironmental aspects|zAtlantic Coast. |
| 650 | 6|aPétrole|xPuits|xForage offshore|xAspect de l'environnement|zAtlantique, Côte de l'. |
| 650 | 6|aGaz naturel|xPuits|xForage offshore|xAspect de l'environnement|zAtlantique, Côte de l'. |
| 710 | 1 |aCanada.|bEnvironment Canada. |bAtlantic Region, |eissuing body. |
| 856 | 40|qPDF|s268 KB|uhttps://publications.gc.ca/collections/collection_2024/eccc/en4/En4-690-1981-eng.pdf |